000 00604nam a2200193Ia 4500
005 20250326141025.0
008 250326s9999 xx 000 0 und d
020 _a0-201-54597-7
037 _aTextbook
040 _aFMSL
_beng
_cFMSL
041 _aeng
_2eng
084 _aX:8obD658(2:55) N7
_qFMSL
100 _aHumphrey W S
_9743548
245 0 _aManaging technical people: Innovation, teamwork and the software process
_cHumphrey W S
260 _aEngland
_bEngland, Addison-Wesley
_c1997
300 _axix,326
942 _cTB
_hX:8obD658(2:55) N7
999 _c1288345
_d1288345